000
00280nam a2200121 a 4500
005
20141022142004.0
008
080922s19uu xx 00 eng d
050
_a
VCD
_b
C74 1999
245
_a
Conspiracy theory.
650
_a
VCD.
650
_a
Conspiracy theory.
942
_c
AVM
999
_c
276439
_d
276439